Taxmann's fundamentals of financial management / (Record no. 140656)

MARC details
000 -LEADER
fixed length control field 00987nam a22002297a 4500
005 - DATE AND TIME OF LATEST TRANSACTION
control field 20180226121734.0
010 ## - LCCN (DPL NO)
LC control number B-666069 B-663795
020 ## - INTERNATIONAL STANDARD BOOK NUMBER
International Standard Book Number 9789350719718
Terms of availability 450.00
035 ## - SYSTEM CONTROL NUMBER
System control number B-666069
035 ## - SYSTEM CONTROL NUMBER
System control number B-663795
037 ## - SOURCE OF ACQUISITION
Stock number dpl
Source of stock number/acquisition Variety/Ven
082 ## - DEWEY DECIMAL CLASSIFICATION NUMBER
Classification number 657.48
100 ## - MAIN ENTRY--PERSONAL NAME
Personal name Rustagi, R.P.
245 ## - TITLE STATEMENT
Title Taxmann's fundamentals of financial management /
Statement of responsibility, etc by R.P. Rustagi
250 ## - EDITION STATEMENT
Edition statement 11th ed
260 ## - PUBLICATION, DISTRIBUTION, ETC. (IMPRINT)
Place of publication, distribution, etc New Delhi
Name of publisher, distributor, etc Taxmann Publications
Date of publication, distribution, etc 2016
270 ## - ADDRESS
Address 59/32,New Rohtak Road,
City NewDelhi
Postal code 110005
Telephone number +91-11-45562222
Fax number -
Electronic mail address -
300 ## - PHYSICAL DESCRIPTION
Extent I-24,382p.
Dimensions 26cm(pbk)
942 ## - ADDED ENTRY ELEMENTS (KOHA)
Source of classification or shelving scheme Dewey Decimal Classification
Item type English Books
Call number suffix RUS
Classification part 657.48
Holdings
Withdrawn status Lost status Not for loan Collection code Home library Current library Date acquired Source of acquisition Cost, normal purchase price Full call number Barcode Copy number Cost, replacement price Koha item type
      Non-fiction Ashok Vihar Ashok Vihar 01/06/2017 BPPD/EN/2015-16/AV/16-17/410/15.2.2017/IN1434/7.3.2017/ 10.3.2017 450.00 657.48 RUS B-666069 1 450.00 English Books
      Non-fiction Ashok Vihar Ashok Vihar 26/02/2018 Bookwell/BL1033/25.02.17/361/15.02.17/01.03.2017 450.00 657.48 RUS B-663795 1 450.00 English Books

© Delhi Public Library
Hit Counter
free hit counter